Ukrajina vyrovnáva obchodné skóre
Maloobchod na Ukrajine - atomizáciu vystriedala integrácia. Rastie koncentrácia predaja v potravinárskom segmente. Sieťový obchod stimuluje domácu výrobu.
Salvato in:
| Autore principale: | |
|---|---|
| Natura: | Capitolo di libro |
| Lingua: | slovacco |
| Soggetti: | |
| Tags: |
Nessun Tag, puoi essere il primo ad aggiungerne!!
|
MARC
| LEADER | 00000naa$a2200000$$$4500 | ||
|---|---|---|---|
| 001 | 0003776 | ||
| 005 | 20231107125143.9 | ||
| 041 | 0 | |a slo | |
| 044 | |a SK | ||
| 245 | 1 | 0 | |a Ukrajina vyrovnáva obchodné skóre |c Jana Bokorová |
| 500 | |a Dokončenie v čísle 2/2004 | ||
| 500 | |a Článok bol spracovaný na základe príspevku prof. N. N. Ušákovej a prof. L. A. Ligonenka z Kyjevskej národnej obchodno-ekonomickej univerzity na Ukrajine, ktorý preložila prof. K. Viestová, z EU Bratislava | ||
| 520 | |a Maloobchod na Ukrajine - atomizáciu vystriedala integrácia. Rastie koncentrácia predaja v potravinárskom segmente. Sieťový obchod stimuluje domácu výrobu. | ||
| 610 | 2 | 0 | |a maloobchod |
| 610 | 2 | 0 | |a siete obchodné |
| 610 | 2 | 0 | |a Ukrajina |
| 610 | 2 | 0 | |a potravinárstvo |
| 100 | 1 | |a Bokorová, Jana | |